A brief history of time : from the big bang to black holes / (Record no. 245)
[ view plain ]
| 000 -LEADER | |
|---|---|
| fixed length control field | 00814nam a2200253 a 4500 |
| 001 - CONTROL NUMBER | |
| control field | 245 |
| 003 - CONTROL NUMBER IDENTIFIER | |
| rucl marc code | BD-RjUL |
| 005 - DATE AND TIME OF LATEST TRANSACTION | |
| control field | 20211208233136.0 |
| 008 - FIXED-LENGTH DATA ELEMENTS--GENERAL INFORMATION | |
| fixed length control field | 150128s1989 ii a|||| |||| 001 0 eng d |
| 020 ## - INTERNATIONAL STANDARD BOOK NUMBER | |
| International Standard Book Number | 9780553176988 |
| 035 ## - SYSTEM CONTROL NUMBER | |
| System control number | (BD-RjUL)260 |
| 040 ## - CATALOGING SOURCE | |
| Original cataloging agency | BD-RjUL |
| Language of cataloging | eng |
| Transcribing agency | BD-RjUL |
| Modifying agency | BD-RjUL |
| 041 ## - LANGUAGE CODE | |
| Language code of text/sound track or separate title | eng |
| 082 ## - DEWEY DECIMAL CLASSIFICATION NUMBER | |
| Edition number | 22 |
| Classification number | 530.11 |
| Author mark and year | HAB 1989 |
| 100 ## - MAIN ENTRY--PERSONAL NAME | |
| Personal name | Hawking, Stephen W. |
| 9 (RLIN) | 115505 |
| 245 ## - TITLE STATEMENT | |
| Title | A brief history of time : from the big bang to black holes / |
| Statement of responsibility, etc. | Stephen W. Hawking ; introduction by Carl Sagan ; illustrations by Ron Miller |
| 260 ## - PUBLICATION, DISTRIBUTION, ETC. (IMPRINT) | |
| Place of publication, distribution, etc. | London : |
| Name of publisher, distributor, etc. | Bantam Books, |
| Date of publication, distribution, etc. | 1989. |
| 300 ## - PHYSICAL DESCRIPTION | |
| Pagination | 211 p. : |
| Illustrations | ill. ; |
| Size | 18 cm. |
| 504 ## - BIBLIOGRAPHY, ETC. NOTE | |
| Bibliography, etc | Includes bibliographical references and index. |
| 650 ## - SUBJECT ADDED ENTRY--TOPICAL TERM | |
| Source of heading or term | Cosmology |
| 700 ## - ADDED ENTRY--PERSONAL NAME | |
| Personal name | Sagan, Carl |
| Personal name | Miller, Ron |
| 942 ## - ADDED ENTRY ELEMENTS (KOHA) | |
| Source of classification or shelving scheme | Dewey Decimal Classification |
| Koha item type | Books |
| Lost status | Source of classification or shelving scheme | Damaged status | Not for loan | Collection code | Permanent Location | Current Location | Shelving location | Date acquired | Source of acquisition | Cost, normal purchase price | Total Checkouts | Full call number | Date last seen | Copy number | Koha item type | Date checked out |
|---|---|---|---|---|---|---|---|---|---|---|---|---|---|---|---|---|
| Dewey Decimal Classification | Not For Loan | Non-fiction | Central Library, University of Rajshahi | Central Library, University of Rajshahi | Reading Room | 22/07/2014 | Baatighar, Chittagong | 665.00 | 530.11 HAB 1989 | 28/01/2015 | C-1 | Books | ||||
| Dewey Decimal Classification | Non-fiction | Central Library, University of Rajshahi | Central Library, University of Rajshahi | 22/07/2014 | Baatighar, Chittagong | 665.00 | 5 | 530.11 HAB 1989 | 17/09/2024 | C-2 | Books | 30/05/2024 |